000
00209 a2200097 4500
001
18593
100
_a
Jafrsyed ahmed
245
_a
Sirat ul aaima asaba
260
_a
_b
Sh Ghulam ali
_c
090
_c
13821
_d
13821
942
_a
NUST-CAE
_c
M
_c
4249
999
_c
253666
_d
253666